000 00387nam a22001337a 4500
008 230606b xxu||||| |||| 00| 0 eng d
020 _a1000287
082 _a346.06
_bEAC
100 _cEAC SECRETARIAT
_d2009
245 _a18TH Meeting Of The Council Of Ministers
_bEast African Community
260 _aArusha
_bEast African Community
_c2009
300 _aii(various paging)
942 _2ddc
_cBK
999 _c524
_d524